La dulce visión: conversaciones con Goffredo Fofi y Gianni Volpi

Salvato in:
Dettagli Bibliografici
Autori principali: Fellini, Federico (Autore), Fofi, Goffredo (Autore), Volpi, Gianni (Autore)
Natura: Libro
Lingua:spagnolo
Pubblicazione: Madrid Gallo Nero 2013
Edizione:1a. ed
Serie:Gallo Negro, 8
Soggetti:
Tags: Aggiungi Tag
Nessun Tag, puoi essere il primo ad aggiungerne!!

MARC

LEADER 00000cam a2200000 a 4500
001 UCE5294
003 CL-VaPUC
008 141218e20130300sp |||||||||||||||||spa|d
020 |a 9788493856984 
082 0 4 |a 791.43  |b FEL  |2 21 
100 0 |a Fellini, Federico  |e author  |9 266646 
700 0 |a Fofi, Goffredo  |e author  |9 577840 
700 0 |a Volpi, Gianni  |e author  |9 577841 
245 1 3 |a La dulce visión: conversaciones con Goffredo Fofi y Gianni Volpi 
250 |a 1a. ed 
300 |a 171 p 
942 |c BK 
945 |d 20141218 14:43:00  |a arojas 
260 |a Madrid  |b Gallo Nero  |c 2013 
650 0 |a Entrevistas  |9 265537 
650 0 |a Cine italiano  |9 267409 
583 |a last modification  |c 20141218 14:43:00  |k Rodrigo Vera 
490 0 |a Gallo Negro, 8 
999 |c 358047  |d 358045 
952 |0 0  |1 0  |3 erb  |4 0  |6 791_430000000000000_FEL_2013  |7 0  |8 A  |9 466290  |a BIBART  |b BIBART  |i 5130441  |o 791.43 FEL 2013  |p 5130441  |r 2025-03-13  |w 2019-11-23  |y BK  |z Catalogado en:20141218  |k ART